| 000 | 00703nam a2200217 4500 | ||
|---|---|---|---|
| 003 | OSt | ||
| 005 | 20240704052712.0 | ||
| 006 | a | ||
| 008 | 240704b |||||||| |||| 00| 0 eng d | ||
| 020 | _a9781574392784 | ||
| 040 |
_aDWCL-HMN lib. _cOC |
||
| 082 | _aCirc. 615.372 G728i 2007 | ||
| 100 | _aGrabenstein, John D. | ||
| 245 | _aImmuno Facts: Vaccines and Immunologic drugs 2008 / | ||
| 260 |
_aSt. Louis: _bWolters Kluwer Health, _cc2007. |
||
| 300 |
_ax, _b(Various paging): ill.; _c23cm. |
||
| 504 | _aIncludes bibliographical references & index. | ||
| 650 | _a1. Vaccines-Handbooks, Manuals, etc. | ||
| 650 | _a2. Immunotherapy-Handbooks, Manuals, etc. | ||
| 942 |
_2ddc _n0 _cBK-CIRC _kCirc. |
||
| 999 |
_c1938 _d1938 |
||